000
00311nam a2200133Ia 4500
008
200615s9999||||xx |||||||||||||| ||und||
020
_a
9788126521517
082
_a
621.3
_b
COM-S
100
_a
SIMON HAYKIN
245
0
_a
COMUNICATION SYSTEMS
250
_a
5TH
260
_a
new delhi
_b
WILLY
_c
2017
942
_c
BK
999
_c
29075
_d
29075